Normal view
MARC view
Entry Personal Name
001 - CONTROL NUMBER
- control field: 35032
003 - CONTROL NUMBER IDENTIFIER
- control field: OSt
005 - DATE AND TIME OF LATEST TRANSACTION
- control field: 20230113115934.0
008 - FIXED-LENGTH DATA ELEMENTS
- fixed length control field: 230113|| aca||aabn | a|a d
040 ## - CATALOGING SOURCE
- Original cataloging agency: OSt
- Transcribing agency: OSt
100 ## - HEADING--PERSONAL NAME
- Personal name: Pulikkamath, Ashraf and Palathara, Tiny S.
670 ## - SOURCE DATA FOUND
- Source citation: Work cat.: (OSt)520610: Pulikkamath, Ashraf and Palathara, Tiny S. , Distinct population patterns and growth trends: Evidence from Kerala
